|
|
|
|
| LEADER |
01009nam a2200361 4500 |
| 001 |
DLU110120558 |
| 005 |
##20110505 |
| 008 |
##920225s1993 nyua b 001 0 eng |
| 010 |
# |
# |
|a 92008256
|
| 020 |
# |
# |
|a 0801309638
|
| 035 |
# |
# |
|9 (DLC) 92008256
|
| 040 |
# |
# |
|a DLC
|c DLC
|d DLC
|
| 082 |
# |
# |
|a 428.007
|b AN-L
|
| 100 |
# |
# |
|a Andrews, Larry.
|
| 245 |
# |
# |
|a Language exploration & awareness :
|b a resource book for teachers /
|c Larry Andrews.
|
| 260 |
# |
# |
|a New York :
|b Longman,
|c c1993.
|
| 300 |
# |
# |
|a xvi, 204 p. :
|b ill. ;
|c 24 cm.
|
| 504 |
# |
# |
|a Includes bibliographical references (p. 194-199) and index.
|
| 650 |
# |
# |
|a Activity programs in education.
|
| 650 |
# |
# |
|a Language arts.
|
| 650 |
# |
# |
|a Teaching.
|
| 740 |
# |
# |
|a Language exploration and awareness.
|
| 923 |
# |
# |
|a 01/2011NN
|
| 991 |
# |
# |
|a GT
|
| 992 |
# |
# |
|a 0
|
| 994 |
# |
# |
|a KNN
|
| 900 |
# |
# |
|a True
|
| 911 |
# |
# |
|a Đào Thị Thu Huyền
|
| 925 |
# |
# |
|a G
|
| 926 |
# |
# |
|a A
|
| 927 |
# |
# |
|a SH
|
| 980 |
# |
# |
|a Thư viện Trường Đại học Đà Lạt
|